Rap new gen - Statistiques

Statistiques générales
  • Ce quiz a été pris 105 fois
  • Le résultat moyen est 7 sur 15
Statistiques - réponses
Morceau Rappeur % Correct
ALED luther
99%
Bottega khali
85%
Léon (ft. Luther) selug
68%
Sans plug la feve
67%
SCOPOLAMINE femtogo
65%
Wish I was special rounhaa
62%
Topaz nes
55%
Gangtaka jolagreen23
51%
L'éther h jeunecrack
40%
0bpm (ft. dj33needler) snorunt
37%
Vernita Green baby hayabusa
28%
Médication malo
24%
WHITE FADE irko
20%
Ibiza (ft. Senka & Simala) realo
16%
Crrushh wasting shit
16%
Aucun quiz correspondant
Distribution des résultats
% des personnes avec chaque résultat
Percentile par nombre de réponses
Votre historique - résultats
Vous n’avez pas pris ce quiz